000 01072nam a22002057a 4500
003 JO-AjAnu
005 20240918123602.0
008 240918b jo ||||| |||| 00| 0 ara d
040 _aJO-AjAnu
_bara
_cJO-AjAnu
_erda
041 _aara
_hara
050 _aHF5681
_b2024
100 1 _aراسم، نغم سعد فتحي
_eمعد
_966234
245 0 _aاثر التشريعات الضريبية على التنمية المستدامة في المملكة الاردنية الهاشمية = The Impact of Tax Legislstion on Sustainable Development in the Hashemite Kingdom of Jordan /
_cاعداد نغم سعد فتحي راسم ؛ اشراف مهند محمد موسى العبيني
260 _c2024
300 _a81 ورقة
504 _aرسالة جامعية(رسالة ماجستير في المحاسبة)-(جامعة عجلون الوطنية) عجلون، الاردن، كلية الاعمال، 2024.
650 7 0 _aالضرائب-محاسبة-الاردن
_966235
700 1 _aالعبيني، مهند محمد
_964945
_eمشرف
942 _2lcc
_cTHS
_n0
999 _c33699
_d33699